LEADER 00938nam a2200217 i 4500 001 000000103984 003 CaOOAMICUS 005 20260327103342.0 008 140404s1994 it u000 u ita u 040 $aSeMil$bita 245 13$a1: Dizionario della lingua greca. 264 1$aFirenze :$bLeo S. Olschki,$c1994. 300 $aIC, 327 p. ;$c26 cm 773 0 $t2: Dizionari etimologici.$dFirenze : Leo S. Olschki, 1994.$kBiblioteca dell'Archivum romanicum. Serie 2., Linguistica$z978-88-222-4233-4$w()6767 850 $aSeMil 852 $aSeMil$W1$xVenegono$y1$m1P IV 3/1$j269173$B60431$CSeMilBibl$Z2$F44897 $81 941 1 $a4 961 $aOmaggio: Martini Card. Carlo Maria. -- Con dedica autografa dell'autore al card. Martini (13 luglio 1996) 996 $6245$a1: Dizionario della lingua greca$9(OLS)http://semarc/title/425875 996 $6264$aFirenze :$bLeo S. Olschki$9(OLS)http://semarc/publisher/29957